000 00485nam a22001937a 4500
003 LK-CoDNM
005 20250102103638.0
008 250102b |||||||| |||| 00| 0 eng d
040 _aLK-CoDNM
_dLK-CoDNM
_eLK-CoDNM
041 _aeng
080 _a3
_bO7.1
100 _aTh. Lacordaire
245 _aHistoire naturelie des insectes
260 _aParis
_bLibrairie encyclopedique de roret
_c1866
300 _b620p. ; 24 cm
650 _a1866
650 _aScience
942 _cBK
999 _c234531
_d234531